Znamení : tajemný jazyk vesmíru /
Uloženo v:
| Hlavní autor: | |
|---|---|
| Další autoři: | |
| Médium: | Kniha |
| Jazyk: | Czech |
| Vydáno: |
Praha :
Euromedia Group,
2020
|
| Vydání: | Vydání první |
| Témata: | |
| Celkem bylo vypůjčeno: | 3x |
| Tagy: |
Žádné tagy |
| LEADER | 02515nam a2200637 i 4500 | ||
|---|---|---|---|
| 001 | 94415 | ||
| 003 | CZ PrNK | ||
| 005 | 20210617175400.0 | ||
| 007 | ta | ||
| 008 | 200513s2020 xr e 000 0acze | ||
| 015 | |a cnb003218039 | ||
| 020 | |a 9788024267593 |c Kč 359,00 | ||
| 040 | |a BOA001 |b cze |d OLA001 |e rda | ||
| 041 | 1 | |a cze |h eng | |
| 072 | 7 | |a 133 |x Ezoterismus. Okultismus |2 Konspekt |9 17 | |
| 072 | 7 | |a 929 |x Biografie |2 Konspekt |9 8 | |
| 080 | |a 133.3-055.2 |2 MRF | ||
| 080 | |a 37.011.3-055.2 |2 MRF | ||
| 080 | |a 133.9 |2 MRF | ||
| 080 | |a 133.3 |2 MRF | ||
| 080 | |a 159.96 |2 MRF | ||
| 080 | |a 929 |2 MRF | ||
| 080 | |a (73) |2 MRF | ||
| 080 | |a (092) |2 MRF | ||
| 100 | 1 | |a Jackson, Laura Lynne |7 xx0233621 |4 aut |9 112337 | |
| 240 | 1 | 0 | |a Signs. |l Česky |
| 245 | 1 | 0 | |a Znamení : |b tajemný jazyk vesmíru / |c Laura Lynne Jacksonová ; přeložila Michaela Ponocná |
| 250 | |a Vydání první | ||
| 264 | 1 | |a Praha : |b Euromedia Group, |c 2020 | |
| 300 | |a 348 stran ; |c 22 cm | ||
| 336 | |2 rdacontent |a text |b txt | ||
| 337 | |2 rdamedia |a bez média |b n | ||
| 338 | |2 rdacarrier |a svazek |b nc | ||
| 500 | |a Přeloženo z angličtiny | ||
| 500 | |a Na obálce uveden nakladatel: Pragma | ||
| 600 | 1 | 7 | |a Jackson, Laura Lynne |7 xx0233621 |2 czenas |9 112337 |
| 648 | 7 | |a 20.-21. století |7 ch462155 |2 czenas |9 53009 | |
| 650 | 0 | 7 | |a učitelky |7 ph276829 |z Spojené státy americké |y 20.-21. století |2 czenas |
| 650 | 0 | 7 | |a jasnovidky |7 ph1075979 |z Spojené státy americké |y 20.-21. století |2 czenas |
| 650 | 0 | 7 | |a spiritistická média |7 ph125909 |z Spojené státy americké |y 20.-21. století |2 czenas |
| 650 | 0 | 7 | |a spiritismus |7 ph125908 |z Spojené státy americké |2 czenas |
| 650 | 0 | 7 | |a mimosmyslové vnímání |7 ph122878 |2 czenas |
| 650 | 0 | 7 | |a channeling |7 ph119124 |2 czenas |9 3553 |
| 650 | 0 | 9 | |a women teachers |z United States |y 20th-21st centuries |2 eczenas |
| 650 | 0 | 9 | |a women clairvoyants |z United States |y 20th-21st centuries |2 eczenas |
| 650 | 0 | 9 | |a mediums |z United States |y 20th-21st centuries |2 eczenas |
| 650 | 0 | 9 | |a spiritualism |z United States |2 eczenas |
| 650 | 0 | 9 | |a extrasensual perception |2 eczenas |
| 650 | 0 | 9 | |a channeling |2 eczenas |
| 655 | 7 | |a autobiografie |7 fd131855 |2 czenas |9 53459 | |
| 655 | 9 | |a autobiography |2 eczenas | |
| 700 | 1 | |a Ponocná, Michaela |7 mzk2003185012 |4 trl |9 21922 | |
| 910 | |a UOG502 | ||
| 942 | |2 ddc |c KN | ||
| 999 | |d 94415 | ||
| 993 | |0 0 |1 421180094831 |2 ddc |4 0 |6 13_000000000000000 |7 0 |9 82499 |b 0 |c 94831 |d 2020-11-12 |e 3 |f DOSP |g 13 |h 359.00 |i Koupě |l DOSP |m 1 |r 2024-07-04 |s 2024-06-06 |t 5 |w 2020-11-12 |y KN |z NAUCNA | ||